000 00532nam a2200181Ia 4500
003 GCL
008 140319s9999 xx 000 0 ara d
040 _aGCL /
_cGCL
082 0 4 _aط
_b813.2
_bا ح
100 1 _aاحمد نجيب
245 1 0 _aالمفاجاة العجيبة /
_cاحمد نجيب
260 _a[S.N] :
_bدار الرائد العربى ،
_c1987
490 _aحكايات ابو الافكار
_v0
650 0 4 _aالاطفال
650 0 4 _aالقصص
650 0 4 _aقصص الاطفال
942 _2ddc
_cBK
999 _c57024
_d57024